[Event "BCF-ch Yates op"]
[Site "Coventry"]
[Date "2015.08.01"]
[Round "3"]
[White "Allen, Timothy S"]
[Black "McKeon, John E"]
[Result "0-1"]
[WhiteElo "1558"]
[BlackElo "122"]
[PlyCount "96"]
[EventDate "2015.07.31"]
[EventType "swiss"]
[EventRounds "5"]
[EventCountry "ENG"]
[SourceTitle "CBM 167 Extra"]
[Source "ChessBase"]
[SourceDate "2015.09.14"]
[SourceVersion "1"]
[SourceVersionDate "2015.09.14"]
[SourceQuality "1"]

1. e4 d5 2. d4 dxe4 3. Nc3 Nf6 4. f3 Bf5 5. Qe2 c6 6. fxe4 Bg6 7. Nf3 Bh5 8. Be3 e6 9. Qc4 Nbd7 10. Be2 Nb6 11. Qd3 Be7 12. 0-0 0-0 13. Ne5 Bxe2 14. Nxe2 Nbd7 15. Nf3 Qc7 16. Ng3 Ng4 17. Bg5 Rae8 18. Bxe7 Rxe7 19. e5 Qb6 20. Ng5 g6 21. Qe4 Ngxe5 22. Kh1 Nc4 23. Qh4 f6 24. N5e4 Kg7 25. c3 Qc7 26. b3 Nd6 27. Rae1 Nf5 28. Rf3 Ref7 29. Ne2 Nd6 30. Rh3 Kg8 31. Nf4 Nf5 32. Qf2 Re8 33. g4 Nd6 34. Qd2 Nxe4 35. Rxe4 Rfe7 36. Nxg6 hxg6 37. Qh6 Rg7 38. g5 Qd8 39. Rxe6 Kf7 40. gxf6 Nxf6 41. Rxe8 Nxe8 42. Rf3+ Nf6 43. Qe3 Qe7 44. Qf2 Rg8 45. c4 Re8 46. Qg2 Qe1+ 47. Rf1 Qe4 48. Rf3 Qxd4 0-1